Giáo trình cấu trúc đại số cơ bản
محفوظ في:
| المؤلف الرئيسي: | |
|---|---|
| التنسيق: | كتاب |
| منشور في: |
Huế
[kxd]
1998
|
| الموضوعات: | |
| الوسوم: |
إضافة وسم
لا توجد وسوم, كن أول من يضع وسما على هذه التسجيلة!
|
| Thư viện lưu trữ: | Trung tâm Học liệu Lê Vũ Hùng, Trường Đại học Đồng Tháp |
|---|
| LEADER | 00872pam a22002778a 4500 | ||
|---|---|---|---|
| 001 | 00032217 | ||
| 005 | 20171026081025.0 | ||
| 008 | 140527s1998 ||||||Viesd | ||
| 041 | 0 | # | |a Vie |
| 082 | 1 | 4 | |a 512.007 1 |b GI108TR |
| 100 | 1 | # | |a Lê, Thanh Hà |
| 245 | 0 | 0 | |a Giáo trình cấu trúc đại số cơ bản |c Lê Thanh Hà |
| 260 | # | # | |a Huế |b [kxd] |c 1998 |
| 300 | # | # | |a 108 tr. |c 29 cm. |
| 500 | # | # | |a ĐTTS ghi: Bộ Giáo dục và đào tạo. Đại học Huế. Trường Đại học sư phạm |
| 653 | # | # | |a Giáo trình |
| 653 | # | # | |a Đại số cơ bản |
| 653 | # | # | |a Đại số |
| 653 | # | # | |a Toán học |
| 852 | # | # | |j KD.0015899 |
| 852 | # | # | |b Kho đọc |j KD.0015899 |
| 910 | 0 | # | |d 27/5/2014 |
| 980 | # | # | |a Trung tâm Học liệu Lê Vũ Hùng, Trường Đại học Đồng Tháp |